000 00560cam a22002053a 4500
001 45452
003 PGUSA
005 20140828084042.0
008 140422s2014||||xxu|||||s|||||000 | eng d
040 _aPGUSA
_beng
042 _adc
100 1 _aClark, Joan
245 1 0 _aConnie Carl at Rainbow Ranch
_h[electronic resource] /
_cJoan Clark
260 _bProject Gutenberg,
_c2014
506 _aPublic domain in the USA.
516 _aElectronic text
830 0 _aProject Gutenberg
_v45452
856 4 0 _uhttp://www.gutenberg.org/ebooks/45452
942 _cEB
999 _c274703
_d274703